| 000 | 01024nam a22001935i 4500 | ||
|---|---|---|---|
| 001 | 165160 | ||
| 003 | ES-MaACL | ||
| 005 | 20251014063240.0 | ||
| 008 | 020228s1892 sp |||| | spa d | ||
| 040 |
_aCAM _bspa _cCAM |
||
| 100 | 1 |
_aSellés, Eugenio, _d1842-1926 _9145933 |
|
| 245 | 1 | 4 |
_aLas vengadoras _b: comedia en tres actos y en prosa / _coriginal de Eugenio Sellés, refundida por su autor. |
| 260 |
_aMadrid : _b[Administración Lírico-Dramática], _c1892 ( _fImprenta Colonial á cargo de G. Gutiérrez) |
||
| 300 |
_a100 p. ; _c19 cm. |
||
| 500 | _aEn port.: Representada por primera vez en Madrid, en el teatro de la Princesa el día 20 de abril de 1892. | ||
| 596 | _aEn verso de la port. consta: "... Eduardo Hidalgo ..." | ||
| 852 |
_aES-MaACL _jF-8649(2) _z-- Enc. hol. conservando la cub. original _z-- Dedic. ms. del autor al Ateneo Científico y Literario de Madrid _z-- nc. en un vol. facticio formando parte de la col. facticia "Teatro español moderno" v. 108 |
||
| 999 |
_c165160 _d165160 |
||